ბათუმის შოთა რუსთაველის სახელმწიფო უნივერსიტეტის ბიბლიოთეკა

ჩვენ გავიმარჯვებთ (ბიბ.ჩანაწერი № 48523)

000 -LEADER
fixed length control field 00668nam a2200205Ia 4500
001 - CONTROL NUMBER
control field 15420
003 - CONTROL NUMBER IDENTIFIER
control field GE_BSU
008 - FIXED-LENGTH DATA ELEMENTS--GENERAL INFORMATION
fixed length control field 181216s||||||||xx |||||||||||||| ||und||
040 ## - CATALOGING SOURCE
Transcribing agency GE_BSU
080 ## - UNIVERSAL DECIMAL CLASSIFICATION NUMBER
Universal Decimal Classification number 821.353.1-1
245 ## - TITLE STATEMENT
Title ჩვენ გავიმარჯვებთ
245 ## - TITLE STATEMENT
Remainder of title მხატვრული კრებული
245 ## - TITLE STATEMENT
Statement of responsibility, etc. წინასიტყვ.ავტ. და რედ.ლ.შარაშიძე
260 ## - PUBLICATION, DISTRIBUTION, ETC.
Place of publication, distribution, etc. ბათუმი
260 ## - PUBLICATION, DISTRIBUTION, ETC.
Name of publisher, distributor, etc. აჭარის სახელგამი
260 ## - PUBLICATION, DISTRIBUTION, ETC.
Date of publication, distribution, etc. 1943
300 ## - PHYSICAL DESCRIPTION
Extent 68გვ.17სმ.
653 ## - INDEX TERM--UNCONTROLLED
Uncontrolled term ჩვენ გავიმარჯვებთ
942 ## - ADDED ENTRY ELEMENTS (KOHA)
Koha item type წიგნი
ეგზემპლარები
Withdrawn status Lost status Damaged status Not for loan Date acquired Barcode Date last seen Price effective from Koha item type
        2018-12-17 38461 2018-12-17 2018-12-17 წიგნი
        2018-12-17 38462 2018-12-17 2018-12-17 წიგნი
        2018-12-17 38463 2018-12-17 2018-12-17 წიგნი